El subcomité para la prevención de la tortura de Naciones Unidas (Registro nro. 28333)

Detalles MARC
000 -LEADER
fixed length control field 00354 a2200109 4500
001 - CONTROL NUMBER
control field ART_34688
005 - DATE AND TIME OF LATEST TRANSACTION
control field 20260410161928.0
008 - FIXED-LENGTH DATA ELEMENTS--GENERAL INFORMATION
fixed length control field 260409a
100 1# - MAIN ENTRY--PERSONAL NAME
Personal name Font, Enrique Andrés
245 10 - TITLE STATEMENT
Title El subcomité para la prevención de la tortura de Naciones Unidas
773 0# - HOST ITEM ENTRY
Title Derechos humanos
Related parts - Año III, Nº 7 (sep. 2015)
Record control number REV22278

No hay ítems disponibles.